The new Mediterranean diet cookbook : (Record no. 358)
[ view plain ]
| 000 -LEADER | |
|---|---|
| fixed length control field | 01092cam a2200301 a 4500 |
| 005 - DATE AND TIME OF LATEST TRANSACTION | |
| control field | 20260322212016.0 |
| 008 - FIXED-LENGTH DATA ELEMENTS--GENERAL INFORMATION | |
| fixed length control field | data |
| 010 ## - LIBRARY OF CONGRESS CONTROL NUMBER | |
| LC control number | 2008040982 |
| 020 ## - INTERNATIONAL STANDARD BOOK NUMBER | |
| International Standard Book Number | 9780553385090 (hardcover) |
| 020 ## - INTERNATIONAL STANDARD BOOK NUMBER | |
| International Standard Book Number | 0553385097 (hardcover) |
| 040 ## - CATALOGING SOURCE | |
| Original cataloging agency | DLC |
| Transcribing agency | DLC |
| Modifying agency | DLC |
| -- | BTCTA |
| -- | BAKER |
| -- | YDXCP |
| -- | OCO |
| -- | IK2 |
| -- | DLC |
| 043 ## - GEOGRAPHIC AREA CODE | |
| Geographic area code | mm----- |
| 050 00 - LIBRARY OF CONGRESS CALL NUMBER | |
| Classification number | TX725.M35 |
| Item number | J46 2009 |
| 082 00 - DEWEY DECIMAL CLASSIFICATION NUMBER | |
| Classification number | 641.59182/2 |
| Edition information | 22 |
| 092 ## - LOCALLY ASSIGNED DEWEY CALL NUMBER (OCLC) | |
| Classification number | 641.59 J46 2009 |
| 001 - CONTROL NUMBER | |
| control field | data |
| 100 1# - MAIN ENTRY--PERSONAL NAME | |
| Personal name | Jenkins, Nancy Harmon. |
| 245 14 - TITLE STATEMENT | |
| Title | The new Mediterranean diet cookbook : |
| Remainder of title | a delicious alternative for lifelong health / |
| Statement of responsibility, etc. | Nancy Harmon Jenkins, Marion Nestle & Nancy Harmon Jenkins. |
| 260 ## - PUBLICATION, DISTRIBUTION, ETC. | |
| Place of publication, distribution, etc. | New York, N.Y. : |
| Name of publisher, distributor, etc. | Bantam Books, |
| Date of publication, distribution, etc. | c2009. |
| 300 ## - PHYSICAL DESCRIPTION | |
| Extent | xiii, 496 p. ; |
| Dimensions | 26 cm. |
| 500 ## - GENERAL NOTE | |
| General note | Prev. ed. published under title: The Mediterranean diet cookbook. |
| 504 ## - BIBLIOGRAPHY, ETC. NOTE | |
| Bibliography, etc. note | Includes bibliographical references (p. 479-481) and index. |
| 650 #0 - SUBJECT ADDED ENTRY--TOPICAL TERM | |
| Topical term or geographic name entry element | Cookery, Mediterranean. |
| 650 #0 - SUBJECT ADDED ENTRY--TOPICAL TERM | |
| Topical term or geographic name entry element | Diet |
| Geographic subdivision | Mediterranean Region. |
| 650 #0 - SUBJECT ADDED ENTRY--TOPICAL TERM | |
| Topical term or geographic name entry element | Low-fat diet |
| Form subdivision | Recipes. |
| 700 1# - ADDED ENTRY--PERSONAL NAME | |
| Personal name | Nestle, Marion. |
| 700 1# - ADDED ENTRY--PERSONAL NAME | |
| Personal name | Jenkins, Nancy Harmon. |
| Title of a work | Mediterranean diet cookbook. |
| Withdrawn status | Lost status | Damaged status | Not for loan | Home library | Current library | Shelving location | Date acquired | Total checkouts | Full call number | Barcode | Date last seen | Price effective from | Koha item type |
|---|---|---|---|---|---|---|---|---|---|---|---|---|---|
| Fairview | Fairview | General stacks | 22/03/2026 | 641.59182/2 22 | BC0010368 | 22/03/2026 | 22/03/2026 | Books |